Normal view
MARC view
Entry Personal Name
001 - CONTROL NUMBER
- control field: 22237
003 - CONTROL NUMBER IDENTIFIER
- control field: ARRUPE
005 - DATE AND TIME OF LATEST TRANSACTION
- control field: 20160210150951.0
008 - FIXED-LENGTH DATA ELEMENTS
- fixed length control field: 160210|| aca||aabn | a|a d
040 ## - CATALOGING SOURCE
- Original cataloging agency: ARRUPE
- Transcribing agency: ARRUPE
100 ## - HEADING--PERSONAL NAME
- Personal name: Aragon,
- Dates associated with a name: 1897-1982.
670 ## - SOURCE DATA FOUND
- Source citation: Work cat.: (ARRUPE)0: Aragon, 1897-1982., Le crève-cœur., 1946